000
00275nam a2200121Ia 4500
008
221030s9999 xx 000 0 und d
041
_a
English
100
_a
N. Taher
245
0
_a
Guerrilla Marketing Comes of Age
_c
by N. Taher
260
_c
0
650
_a
Mb
942
_c
BK
999
_c
16581
_d
16581